Los retos teóricos de los estudios del trabajo hacia el siglo XXI /

Guardado en:
Bibliografiske detaljer
Hovedforfatter: Garza Toledo, Enrique de la
Format: Ukendt
Udgivet: Buenos Aires: CLACSO. ASDI
Fag:
Tags: Tilføj Tag
Ingen Tags, Vær først til at tagge denne postø!

MARC

LEADER 00000 a2200000 04500
001 11415
003
008 991231s d
040
090 |a 139402  
100 |a Garza Toledo, Enrique de la  
245 |a Los retos teóricos de los estudios del trabajo hacia el siglo XXI /  |c Enrique de la Garza Toledo 
260 |a Buenos Aires:   |b CLACSO. ASDI  
300 |a 254 p.  
650 |a PRODUCCION  
650 |a MODELOS  
650 |a MERCADO  
650 |a ESTADO  
650 |a TECNOLOGIA  
650 |a TRABAJO  
650 |a SOCIOLOGIA  
650 |a CRISIS  
650 |a LIBERALIZACION DEL INTERCAMBIO  
999 |c 13462  |d 13462